00490nam a22001577a 4500003000900000005001700009008004100026040001300067082001800080100002000098245006900118260004400187300002200231504004900253650003000302BDDh-ASL20231015030139.0210301s2000 enk||||| |||| 00| 0 eng d cBDDh-ASL a367.5492bHAW1 aHashmi, Taj I. 10aWomen and Islam in Bangladesh: bBeyond Subjection and Tyranny / aLondon: bMacmillan Press Ltd., c2000. a254 p.: c21 cm.  aInclude Bibliographical References and Index 0aWomenxIslam zBangladesh